| 000 | 00662nam a2200253Ia 4500 | ||
|---|---|---|---|
| 003 | OSt | ||
| 005 | 20221006142550.0 | ||
| 006 | a|||||r|||| 00| 0 | ||
| 007 | ta | ||
| 008 | 221006b |||||||| |||| 00| 0 eng d | ||
| 020 |
_c _4.50 |
||
| 024 | _a6,609 | ||
| 037 | _cTextual | ||
| 040 |
_aEASL _cEASL _beng |
||
| 041 |
_2eng _aeng |
||
| 082 | _aY:4:7.41wM97, L0 | ||
| 100 |
_aAirey Willis _9647938 |
||
| 245 | 0 |
_aLearner in China _b A life of Rewi Alley |
|
| 260 |
_aNew Zealand _bCaxton Press _c1970 |
||
| 300 |
_a291p. _ccm. |
||
| 490 | _v CEL | ||
| 942 |
_hY:4:7.41wM97, L0 _cTEXL _2CC |
||
| 999 |
_c1074695 _d1074695 |
||